000 00287nam a22001337a 4500
008 170920b xxu||||| |||| 00| 0 eng d
020 _a0674698436
041 _aeng
080 _a7
100 _a45
101 _aART
245 _aPREDICAMENT OF CULTURE
_cCLIFFORD,J
942 _2udc
_cBK
999 _c28371
_d28371